000 01757nam a2200289 a 4500
001 85405
003 BD-RjUL
005 20250803111104.0
008 250803s2024 bg ||||| m||| 00| 0 ben d
035 _a(BD-RjUL)85405
040 _aBD-RjUL
_bben/eng
_cBD-RjUL
_dBD-RjUL
041 _aben
082 _223
_a 891.443
_bRAH 2024
100 _aরশিদ, মো. আব্দুর
_916403
245 1 0 _aহরিশংকর জলদাসের উপন্যাসে প্রান্তিক মানুষের জীবনবোধ = [Life Experience of Marginal People in the Novel of Harishankar Jaladas] /
_cমো. আব্দুর রশিদ
_6তত্তাবধায়ক : স্বরোচিষ সরকার
246 _aLife Experience of Marginal People in the Novel of Harishankar Jaladas
260 _aরাজশাহী :
_bইনস্টিটিউট অব বাংলাদেশ স্টাডিজ বিভাগ, রাজশাহী বিশ্ববিদ্যালয়,
_c২০২৪
300 _aড, ২৭৩ পাতা ;
_c২৯ সেমি.
502 _aথিসিস (পিএইচিড)-- ইনস্টিটিউট অব বাংলাদেশ স্টাডিজ, রাজশাহী বিশ্ববিদ্যালয়, ২০২৪
504 _aগ্রন্থপঞ্জি : পাতা ২২৭-২৪১
600 _aJaladas, Harishankar
_d1955-
_916404
650 _a Bengali fiction.
_916405
650 _aবাংলা উপন্যাস
650 _aBengali fiction
_xSocial life and customs.
_93020
700 _aসরকার, স্বরোচিষ, তত্তাবধায়ক
_98621
942 _2ddc
_cTHE
999 _c85405
_d85405